Normal view
MARC view
Entry Topical Term
001 - CONTROL NUMBER
- control field: 1030
003 - CONTROL NUMBER IDENTIFIER
- control field: 20190110113653.0
005 - DATE AND TIME OF LATEST TRANSACTION
- control field: 20190110122443.0
008 - FIXED-LENGTH DATA ELEMENTS
- fixed length control field: TR-AnCHP
040 ## - CATALOGING SOURCE
- Original cataloging agency: CHP
150 ## - HEADING--TOPICAL TERM
- Topical term or geographic name entry element: Demokrasi
